|
|
|
|
| LEADER |
00000cam a2200000 a 4500 |
| 001 |
vtls001106820 |
| 003 |
SK-MaSNL |
| 005 |
20260301182721.0 |
| 008 |
250313s1979 xo a p 000 0 slo |
| 015 |
|
|
|a SNBA1980
|
| 035 |
|
|
|a SNK000049662
|
| 035 |
|
|
|a urn:nbn:sk:snk-amlcib
|
| 035 |
|
|
|a urn:nbn:sk:snk-am0091bn
|
| 035 |
|
|
|a CEEFCB2E-BCE5-4869-AB83-3081E07494E0
|
| 040 |
|
|
|a SNK
|b slo
|c SNK
|e AACR2
|
| 041 |
0 |
|
|a slo
|
| 044 |
|
|
|a xo
|c SK
|
| 080 |
|
|
|a 531/532(075.8)
|2 1981
|
| 100 |
1 |
|
|a Balažovjech, Vojtech,
|d 1908-1976
|4 aut
|9 37251
|
| 245 |
1 |
0 |
|a Teoretická mechanika
|c Vojtech Balažovjech
|
| 250 |
|
|
|a 2. vyd., 1. dotl.
|
| 260 |
|
|
|a Bratislava
|b Slovenská vysoká škola technická
|c 1979
|
| 300 |
|
|
|a 301 s.
|b sch.
|c 29 cm
|
| 366 |
|
|
|e 300 výt.
|
| 500 |
|
|
|a Schválil Rektorát SVŠT v Bratislave ako skriptum
|
| 504 |
|
|
|a Bibliogr.
|
| 650 |
0 |
7 |
|a mechanika
|2 SNKPH
|9 706
|
| 655 |
|
7 |
|a učebnice vysokých škôl
|2 SNKPH
|9 70191
|
| 852 |
|
|
|a Slovenská národná knižnica
|
| 958 |
|
|
|a OND
|
| 958 |
|
|
|a NB
|
| 999 |
|
|
|c 854613
|d 856543
|
| 952 |
|
|
|t P60, <04>, [BOOK], {604}
|a SNK
|b SNK
|y VYP
|7 0
|p 17A0065865
|o snkSB 29128 D1
|i snkKSP 446/80
|0 0
|1 0
|4 0
|d 1997-05-05
|l 0
|r 2004-12-31 00:00:00
|w 2026-02-24
|
| 952 |
|
|
|a SNK
|b SNK
|y PREZ
|7 0
|p 17A0972853
|o snkSB 29128
|i snkKSP 445/80
|0 0
|1 0
|4 0
|d 2012-07-30
|f 1
|l 0
|r 2025-04-03 00:00:00
|w 2026-02-24
|